Welcome to the Holygrace Academy Library

Please use search bar below to get started

KRISHNA & ARJUNA (Record no. 3947)

MARC details
000 -LEADER
fixed length control field 00359nam a22001457a 4500
020 ## - INTERNATIONAL STANDARD BOOK NUMBER
ISBN 81-87834-02-1
082 ## - DEWEY DECIMAL CLASSIFICATION NUMBER
Classification number 823
Item number CHA/K
100 ## - MAIN ENTRY--AUTHOR NAME
Personal name CHANDRASEKHARAN, VIMALA
245 ## - TITLE STATEMENT
Title KRISHNA & ARJUNA
Remainder of title OTHER STORIES FROM MAHABHARATHA
260 ## - PUBLICATION, DISTRIBUTION, ETC. (IMPRINT)
Place of publication CHENNAI
Name of publisher SEASONS PUBLISHING
300 ## - PHYSICAL DESCRIPTION
Number of Pages 135
520 ## - SUMMARY, ETC.
Summary, etc CLASSIC STORY
650 ## - SUBJECT ADDED ENTRY--TOPICAL TERM
Topical Term CLASSIC STORY
942 ## - ADDED ENTRY ELEMENTS (KOHA)
Koha item type Books
Holdings
Withdrawn status Lost status Collection code Home library Current library Shelving location Date acquired Source of acquisition Cost, normal purchase price Full call number Accession Number Koha item type
    Fiction Main Library Main Library SHELF 4-J ENGLISH SHORT STORIES 07/10/2006 Purchase 45.00 823 CHA/K 02417 Books
    Fiction Main Library Main Library SHELF 4-J ENGLISH SHORT STORIES 07/10/2006 Purchase 45.00 823 CHA/K 02418 Books